| 000 | 00540nam a2200181Ia 4500 | ||
|---|---|---|---|
| 003 | GCL | ||
| 008 | 140319s9999 xx 000 0 eng d | ||
| 040 |
_aGCL / _cGCL |
||
| 082 | 0 | 4 |
_aCC _b962.004893 _bK G |
| 100 | 1 | _aKITROEFF, ALEXANDER | |
| 245 | 1 | 0 |
_aTHE GREEKS IN EGYPT 1919 - 1937: ETHNICITY AND CLASS / _cKITROEFF, ALEXANDER |
| 260 |
_a[S.N] : _bTHE MIDDLE EAST INSTITUTE ، _c1989 |
||
| 300 | _a212 P | ||
| 650 | 0 | 4 | _aEGYPT - ETHNIC RELATIONS |
| 650 | 0 | 4 | _aEGYPT - ECONOMIC CONDITIONS |
| 650 | 0 | 4 | _aGREEK - EGYPT |
| 942 |
_2ddc _cBK |
||
| 999 |
_c14023 _d14023 |
||